000 00628nam a2200193Ia 4500
008 151119s9999||||xx |||||||||||||| ||und||
082 _a894.814सत्यना/भावक
082 _bGKKV32284
100 _aसत्यनारायण के
245 _aभावकल्लोळ
260 _aपुणे
260 _bमेहता पब्लीशिग हाउस
260 _c2013
600 _aसत्यनारायण के
630 _aभावकल्लोळ
700 _aसत्यनारायण के
730 _aभावकल्लोळ
942 _cBOOK
999 _c1084588
_d1084585